000 00843caa a22002417a 4500
999 _c410022
_d410022
001 123166
003 UA-OsUOA
005 20200111221945.0
007 ta
008 20170606b un ||||| |||| 00| 0 ukr d
040 _aUA-OsUOA
_bukr
_cUA-OsUOA
_dUA-OsUOA
041 _aukr
080 _a908
090 _a908
_bН71
100 _aНімчинська Н.
245 _aОсвітянин — географ Григорій Якович Ковальчук (1947–1998)
_cН. Німчинська
300 _aС. 191–196
650 7 _a908 Краєзнавство
_2UDC
773 0 _0340235
_9367088
_dОстрог НаУОА 2007
_o113686
_tОстрозький краєзнавчий збірник
_w(UA-OsUOA) 54426
942 _cBKA
_2udc
955 _a1